Extrakcia kľúčových slov v slovenčine

Saved in:
Bibliographic Details
Main Author: Frkáň, Maroš (Author)
Other Authors: Šajgalík, Márius (Thesis advisor)
Format: Manuscript Book
Language:Slovak
Published: 2016
Subjects:
Online Access:http://is.stuba.sk/zp/portal_zp.pl?podrobnosti=106382
Tags: Add Tag
No Tags, Be the first to tag this record!

MARC

LEADER 00000ntm a22000003a 4500
001 stuzp59118
003 SK-STU
005 20160719155753.3
007 ta
008 150427s2015----xo-----f-mn---000-0-slo-d
040 |a STU  |b slo 
041 0 |a slo 
100 1 |a Frkáň, Maroš  |u 070200  |4 aut  |U FIIT Fakulta informatiky a informačných technológií  |T FIIT Ústav informatiky, informačných systémov a softvérového inžinierstva  |X 72077  |U I200  |Y 179  |7 72077 
242 0 1 |a Extracting keywords in Slovak language  |y eng 
245 1 0 |a Extrakcia kľúčových slov v slovenčine 
260 |c 2016 
650 4 |a kľúčové slová  |2 slo 
650 4 |a kategorizácia dokumentov  |2 slo 
650 4 |a slovenčina  |2 slo 
650 4 |a strojové učenie  |2 slo 
650 4 |a vektor čŕt  |2 slo 
650 4 |a Slovak language  |2 eng 
650 4 |a feature vector  |2 eng 
650 4 |a keywords  |2 eng 
650 4 |a document categorization  |2 eng 
650 4 |a machine learning  |2 eng 
700 1 |a Šajgalík, Márius  |u 070200  |k Z3  |4 ths  |U FIIT Fakulta informatiky a informačných technológií  |T FIIT Ústav informatiky, informačných systémov a softvérového inžinierstva  |X 47919  |U I200  |Y 179  |7 47919 
856 4 |u http://is.stuba.sk/zp/portal_zp.pl?podrobnosti=106382 
996 |b 8166  |c I* BAP 147/2016  |l II680  |s P  |a 0  |w stuzp59118_0001 
SQL |a stuzp59118  |b DBP  |c SLO  |d Extrakcia kľúčových slov v slovenčine  |e 72077  |f Frkáň, Maroš  |g 070200  |h 47919  |i Šajgalík, Márius  |j 20160621  |k 202  |l 07  |m http://is.stuba.sk/zp/portal_zp.pl?podrobnosti=106382  |n B-INFO  |o 9.2.1. informatika